02268nas a2200241Ia 4500001001100000003001000011008004100021040002500062041001400087100005300101210001400154222001400168245007700182250001100259260009300270300001100363310001200374362003500386500072600421501011401147520072601261650003901987R053-S9171IT-CnALBA170116c99999999xx |||||||||||| ||und|| aIT-CnALBAcIT-CnALBA aITALIANO  aPiccardi Adriano # Marangi Michele # Autori vari aCINEFORUM aCINEFORUM 0aCineforum 431. Gennaio-Febbraio 2004. Rivista di cultura cinematografica a1a ed. a BERGAMObFederazione Italiana Cineforum c2004 [1° Ed.:2004 - Ed.Ling.Originale: 2004] a96 p.  aMENSILE aFascicolo: 1 / Anno: 44 (2004) aBilancio DELL'ANNO. Campion, Hamer, Coppola, Dante Tsukamoto, Weir, Bari, Bertuccelli, Arcand, Scimeca. Tophorror 1974-2003. Dove va il festival di Torino? Quali sogni per le nuvole? I nostri preferiti. Schede. In The Cut di Jane Campion. Costantino J. Noi Albinoi di Dagur Kari. Filmese. L. Malavasi, Rossella N. Bertani Al. Mona Lisa Simile. Ah! Se fosi ricco. Ti spiace se ti bacio, mamma? Etc. Trentennale Horror. Premi Ferrero. Alberti R. Scrittura e disvelamento. Sivo A. L'ora di religione. di Marco Bellocchio. Torino 2003. Bruno Fornara, dove va il Festival. T. Masoni. il concorso etc. Festival e Rassegne. Rossi U. Marea di folla e di film a Salonicco. Tivutargets. Le lune del cinema. Libri e Soundtracks. ' aSocietà San Paolo EM - Piazza San Paolo, 14 - 12051 ALBA (CN) (non commercial uses only) ® Copyright 2017 aBilancio DELL'ANNO. Campion, Hamer, Coppola, Dante Tsukamoto, Weir, Bari, Bertuccelli, Arcand, Scimeca. Tophorror 1974-2003. Dove va il festival di Torino? Quali sogni per le nuvole? I nostri preferiti. Schede. In The Cut di Jane Campion. Costantino J. Noi Albinoi di Dagur Kari. Filmese. L. Malavasi, Rossella N. Bertani Al. Mona Lisa Simile. Ah! Se fosi ricco. Ti spiace se ti bacio, mamma? Etc. Trentennale Horror. Premi Ferrero. Alberti R. Scrittura e disvelamento. Sivo A. L'ora di religione. di Marco Bellocchio. Torino 2003. Bruno Fornara, dove va il Festival. T. Masoni. il concorso etc. Festival e Rassegne. Rossi U. Marea di folla e di film a Salonicco. Tivutargets. Le lune del cinema. Libri e Soundtracks. ' aARTI RICREATIVE E DELLO SPETTACOLO